Proceedings of the 3rd International Conference on Human Factors in Manufacturing, 4-6 November 1986, Stratford-upon-Avon /

Bibliographic Details
Corporate Authors: International Conference on Human Factors in Manufacturing Stratford-upon-Avon, IFS (Conferences) Ltd
Other Authors: Lupton, Tom
Format: Conference Proceeding Book
Language:English
Published: [Bedford] : Berlin ; New York : IFS (Publications) ; Springer Verlag, [1986]
Subjects:

MARC

Tag First Indicator Second Indicator Subfields
LEADER 00000cam a2200000 a 4500
001 in00000014898
005 20151007052922.0
008 870415s1986 enkac b 10110 eng d
010 |a gb 86026281  
015 |a GB86-26281 
020 |a 0948507187 (pbk) :  |c £49.00 
035 |a (OCoLC)14413377 
035 |9 AAA9699AM 
040 |a UKM  |c UKM  |d m/c  |d TXA  |d UtOrBLW 
049 |a TXAM  |c [A11071485] 
050 4 |a T59.7  |b .I57 1986 
082 0 |a 338.4/767  |2 19 
111 2 |a International Conference on Human Factors in Manufacturing  |n (3rd :  |d 1986 :  |c Stratford-upon-Avon) 
245 1 0 |a Proceedings of the 3rd International Conference on Human Factors in Manufacturing, 4-6 November 1986, Stratford-upon-Avon /  |c edited by T. Lupton ; ... organised and sponsored by IFS (Conferences) Ltd. 
264 1 |a [Bedford] :  |b IFS (Publications) ;  |a Berlin ;  |a New York :  |b Springer Verlag,  |c [1986] 
264 4 |c ©1986 
300 |a viii, 409 pages :  |b illustrations, portrait ;  |c 30 cm. 
336 |a text  |b txt  |2 rdacontent 
337 |a unmediated  |b n  |2 rdamedia 
338 |a volume  |b nc  |2 rdacarrier 
504 |a Includes bibliographies and index. 
650 0 |a Human engineering. 
700 1 |a Lupton, Tom. 
710 2 |a IFS (Conferences) Ltd. 
999 |a MARS 
999 f f |s 8053370b-bbcd-30a1-b6e8-8f3481bfa49e  |i 5999405a-417d-3943-a009-e1981e3bc4bb  |t 0 
952 f f |p ric  |a Texas A&M University  |b Rellis Campus  |c Joint Library Facility  |d Remote Storage  |t 0  |e T59.7 I57 1986  |h Library of Congress classification  |i unmediated -- volume  |m A14811071485 
998 f f |a T59.7 I57 1986  |t 0  |l Remote Storage